Visualizzazione normale
Vista MARC
- Ferrario Davide
di Personal Name
Records bibliografici associati: 1
001 - CONTROL NUMBER
- control field: 37340
003 - CONTROL NUMBER IDENTIFIER
- control field: IT-RoPau
005 - DATE AND TIME OF LATEST TRANSACTION
- control field: 20151125164016.0
008 - FIXED-LENGTH DATA ELEMENTS
- fixed length control field: 151125|| aca||aabn | a|a d
040 ## - CATALOGING SOURCE
- Original cataloging agency: IT-RoPau
- Transcribing agency: IT-RoPau
100 ## - HEADING--PERSONAL NAME
- Personal name: Ferrario Davide
- Relator term: (regista)
- Miscellaneous information: Codice regista SPICS: 11784
670 ## - SOURCE DATA FOUND
- Source citation: Work cat.: (IT-RoPau)104728: Ferrario Davide Codice regista SPICS: 11784 37337, TUTTA COLPA DI GIUDA TUTTA COLPA DI GIUDA (Rif. Codice opera principale : H9699)